000 00715nam a22002177a 4500
003 DO-SdBNP
005 20210921090048.0
007 ta
008 210920e2004 dr ||||er|||| 001 0 spa d
020 _a9993497037
040 _aDO-SdBNP
_bspa
_cBNPHU
082 4 _222
_bC764m
100 1 _aContrera Brito, Raúl
_979954
245 1 0 _aManual para el manejo de las intoxicaciones mas frecuentes y otras emergencias /
_cRaúl Contreras Brito, Mayra Soriano Suriel
260 _aSanto Domingo :
_bTalleres Gráficos de Artes Antillas,
_c2004
300 _a128 p.;
_c21 cm
504 _aIncluye bibliografía, p. 127
590 _aInventariado 2021 / MF
700 1 2 _aSoriano Suriel, Mayra
_979970
942 _2ddc
_cLBS1
999 _c50576
_d50576